| 000 | 01303nam a2200241Ia 4500 | ||
|---|---|---|---|
| 001 | 9208 | ||
| 003 | GE_BSU | ||
| 008 | 181216s||||||||xx |||||||||||||| ||und|| | ||
| 040 | _cGE_BSU | ||
| 080 | _a821.353.1-31+821.353.1-32 | ||
| 100 | _aლორთქიფანიძე,კონსტანტინე | ||
| 245 | _aრჩეული თხზულებანი:ტ.3 | ||
| 245 | _bსიკვდილი ცოტას მოიცდის;ერთი რომანი და შვიდი მოთხრობა;რა მოხდა აბაშაში;ქართული სოფლის ქრონიკები. | ||
| 245 | _cვალენტინა ძიძიგურის რედაქციით;მხატვ:ლ.ცუცქირიძე | ||
| 260 | _aთბილისი. | ||
| 260 | _bმერანი. | ||
| 260 | _c1978 | ||
| 300 | _a519გვ;ილ;17სმ | ||
| 653 | _aერთი რომანი და შვიდი მოთხრობა;რა მოხდა აბაშაში;ქართული სოფლის ქრონიკები. | ||
| 653 | _aრჩეული თხზულებანი | ||
| 653 | _aსიკვდილი ცოტას მოიცდის | ||
| 942 | _cBK | ||
| 999 |
_c42511 _d42511 |
||